| 000 | 00870nam a22002417a 4500 | ||
|---|---|---|---|
| 999 |
_c21097 _d21097 |
||
| 003 | AR-CdUCM | ||
| 008 | 190312b ||||| |||| 00| 0 esp d | ||
| 020 | _a978-603-45092-2-1 | ||
| 040 |
_aMUNICIPALIDAD PROVINCIAL DEL CUSCO _cBIBLIOTECA MUNICIPAL DEL CUSCO |
||
| 082 |
_a398.209856 / _bEL43 |
||
| 100 |
_aElorrieta Salazar, Fernando _916120 |
||
| 245 | _aCusco y el Valle Sagrado de los Incas / | ||
| 260 |
_aCusco : _bALKAMARI, _c2011. |
||
| 300 |
_a160 páginas ; _bfotografías ; _c24 cm. |
||
| 505 | _aContenido : La geografía del hombre -- Origen de la ciudad de Cusco -- Qoricacha -- Sacsayhuaman... | ||
| 650 |
_a Santuario Histórico de Machu Picchu _96214 |
||
| 650 |
_aCusco _9772 |
||
| 650 |
_aDescripciones y viajes _9497 |
||
| 650 |
_aMitos y leyendas _94206 |
||
| 700 |
_aElorrieta Salazar, Edgar _916122 |
||
| 942 |
_2ddc _cLIBROS |
||
| 945 | _azta | ||